| 000 | 00523nam a2200181Ia 4500 | ||
|---|---|---|---|
| 001 | 16891 | ||
| 005 | 20260306170344.0 | ||
| 008 | 260306t2019||||xx |||||||||||||| ||und|| | ||
| 041 | _aESP | ||
| 082 |
_a657.3 _bF43 |
||
| 100 |
_aFerrer Quea, Alejandro _eAUT |
||
| 245 | 0 |
_aAplicación de las NIIF y sus implicancias tributarias: _bsu interrelación con el impuesto a la renta diferido de la NIC 12 |
|
| 260 | _c2019 | ||
| 300 |
_a197 páginas : _c24 cm. |
||
| 650 | _aGEN | ||
| 654 | _aCCO | ||
| 942 |
_cLIB _dJUS _fJUS _2ddc _n |
||
| 999 |
_c16891 _d16891 |
||